Memorias de la Real Academia de Ciencias (Record no. 173876)

MARC details
000 -LEADER
campo de control de longitud fija 00965nam a2200241 i 4500
001 - NÚMERO DE CONTROL
campo de control 173876
003 - IDENTIFICADOR DE NÚMERO DE CONTROL
campo de control ES-MaACL
005 - FECHA Y HORA DE LA ÚLTIMA TRANSACCIÓN
campo de control 20251007171507.0
007 - CAMPO FIJO DE DESCRIPCIÓN FÍSICA--INFORMACIÓN GENERAL
campo de control de longitud fija t|
008 - DATOS DE LONGITUD FIJA--INFORMACIÓN GENERAL
campo de control de longitud fija 100127s18911889sp |||| | spa d
110 2# - ENTRADA PRINCIPAL--NOMBRE DE ENTIDAD CORPORATIVA
Nombre de entidad corporativa o nombre de jurisdicción como elemento de entrada Real Academia de Ciencias Exactas, Físicas y Naturales de España.
9 (RLIN) 175635
245 10 - MENCIÓN DEL TÍTULO
Título Memorias de la Real Academia de Ciencias
Fechas predominantes 1891.
260 ## - PUBLICACIÓN, DISTRIBUCIÓN, ETC.
Lugar de publicación, distribución, etc. Madrid :
Nombre del editor, distribuidor, etc. [s.n.],
Fecha de publicación, distribución, etc. 1891 (Imp. de Luis Aguado)
300 ## - DESCRIPCIÓN FÍSICA
Extensión v. ;
Dimensiones 28 cm.
500 ## - NOTA GENERAL
Nota general Precede al tít.: Obras malacológicas de J.G. Hidalgo.
505 8# - NOTA DE CONTENIDO CON FORMATO
Nota de contenido con formato Contiene: T. XIV ;
Título Estudios preliminares sobre la fauna malacológica de las islas Filipinas ; Atlas /
Mención de responsabilidad J.G. Hidalgo (2 v.: 1º atlas con 170 lám. ; 2º 632 p.)
650 #4 - PUNTO DE ACCESO ADICIONAL DE MATERIA--TÉRMINO DE MATERIA
Término de materia o nombre geográfico como elemento de entrada Moluscos.
9 (RLIN) 136518
700 1# - ENTRADA AGREGADA--NOMBRE PERSONAL
Nombre de persona González Hidalgo, Joaquín,
Fechas asociadas al nombre 1839-1923
9 (RLIN) 127415
740 02 - ENTRADA AGREGADA--TÍTULO RELACIONADO/ANALÍTICO NO CONTROLADO
Título relacionado o analítico no controlado Atlas de la fauna malacológica de las islas Filipinas.
852 ## - LOCALIZACIÓN
Ubicación ES-MaACL
Número de control de estantería K-229
852 ## - LOCALIZACIÓN
Ubicación ES-MaACL
Número de control de estantería K-230
Holdings
Estatus retirado Estado de pérdida Estado de daño No para préstamo Colección Biblioteca de origen Biblioteca actual Ubicación en estantería Fecha de adquisición Total de préstamos Signatura topográfica completa Código de barras Visto por última vez Precio de reemplazo Tipo de ítem Koha
        Libros del s. XIX Biblioteca del Ateneo de Madrid Biblioteca del Ateneo de Madrid Administración 27/01/2010   K-230 1182510 23/02/2023 23/02/2023 Libro impreso antiguo
        Libros del s. XIX Biblioteca del Ateneo de Madrid Biblioteca del Ateneo de Madrid Administración 27/01/2010   K-229 1182509 23/02/2023 23/02/2023 Libro impreso antiguo